Education and rural development in Latin America /
Uloženo v:
| Hlavní autor: | |
|---|---|
| Další autoři: | , |
| Médium: | Text |
| Tagy: |
Přidat tag
Žádné tagy, Buďte první, kdo vytvoří štítek k tomuto záznamu!
|
MARC
| LEADER | 00000 a a2200000 04500 | ||
|---|---|---|---|
| 001 | 45645 | ||
| 003 | |||
| 040 | |||
| 100 | |a Sack, Richard | ||
| 245 | |a Education and rural development in Latin America / |c Richard Sack, Martin Carnoy, Claudia Lecaros | ||
| 700 | |a Martin Carnoy | ||
| 700 | |a Claudia Lecaros | ||
| 773 | |g páginas 245-295 | ||
| 999 | |c 18336 |d 18336 | ||
